000
00269nam a2200121Ia 4500
008
190216s9999||||xx |||||||||||||| ||und||
100
_a
Charles Lamb
245
0
_a
Essays Of Elia
260
_b
Macmillan
_c
1967
300
_a
371
650
_a
English Essay
942
_c
BK
999
_c
11960
_d
11960